Biblioteca

The books of Haggai and Malachi (Registro nro. 33295)

Detalles MARC
000 -LÍDER
Campo fijo de descripción fija 01986nam a2200337 i 4500
001 - NÚMERO DE CONTROL
Campo de control 768714001
003 - IDENTIFICADOR DEL NÚMERO DE CONTROL
Campo de control CO-MdFUSB
005 - FECHA Y HORA DE LA ULTIMA TRANSACCIÓN
control field 20220517143841.0
007 - CAMPO FIJO DE DESCRIPCIÓN FIJA--INFORMACIÓN GENERAL
Campo fijo de descripción fija ta
008 - ELEMENTOS DE LONGITUD FIJA -- INFORMACIÓN GENERAL
Campo fijo de descripción fija -- Información general 171011t1987 -us||||| |||| 00| 0 eng d
020 ## - NÚMERO INTERNACIONAL NORMALIZADO PARA LIBROS
Número Internacional Normalizado del libro 9780802875969
040 ## - FUENTE DE CATALOGACIÓN
Agencia de catalogación original CO-MdFUSB
Idioma de catalogación spa
Agencia que realiza la transcripción CO-MdFUSB
Agencia que realiza la modificación CO-MdFUSBC
Convenciones de la descripción rda
041 0# - CÓDIGO DE IDIOMA
Código de idioma para texto/pista de sonido o título separado eng
082 04 - NÚMERO DE CLASIFICACIÓN DECIMAL DEWEY
Número de clasificación 224.97077
Número de la edición del Dewey 23
Clave de autor-Numero de item V514b
100 1# - ASIENTO PRINCIPAL--NOMBRE PERSONAL
Nombre personal Verhoef, Pieter A.
Término relacionador autor
245 #4 - TÍTULO
Título del Material The books of Haggai and Malachi
Mención de responsabilidad, etc. / Pieter A. Verhoef
264 ## - PRODUCCIÓN, PUBLICACIÓN, DISTRIBUCIÓN, MANUFACTURA, Y COPYRIGHT
Lugar de producción, publicación, distribución, manufactura Grand Rapids, MI., USA :
Nombre del productor, publicador, distribuidor Eerdmans,
Fecha de producción, publicación, distribución, manufactura, o copyright [1987]
264 #4 - PRODUCCIÓN, PUBLICACIÓN, DISTRIBUCIÓN, MANUFACTURA, Y COPYRIGHT
Fecha de producción, publicación, distribución, manufactura, o copyright ©1987
300 ## - DESCRIPCIÓN FÍSICA
Extensión 364 páginas
Dimensiones ; 23 cm
336 ## - TIPO DE CONTENIDO
Fuente rdacontent
Término de tipo de contenido texto
Código de tipo de contenido txt
337 ## - TIPO DE MEDIO
Fuente rdamedia
Nombre del tipo de medio sin mediación
Código del tipo de medio n
338 ## - TIPO DE SOPORTE
Fuente rdacarrier
Nombre del tipo de soporte volumen
Código Tipo de soporte nc
505 ## - NOTA DE CONTENIDO
Título El libro de Hageo.
Nota de contenido con formato preestablecido Introducción. -- El profeta. – Autoría. -- Estilo. -- Texto. -- Análisis estructural. -- Antecedentes históricos. -- Análisis de contenidos. -- Texto y comentario. -- La reconstrucción del templo en ruinas (1:1-15a) . -- La gloria prometida del nuevo templo (1:15b-2:9). -- Bendiciones para un pueblo contaminado (2:10-19) 110 Zorobabel, el anillo de sello escogido por el señor (2:20-23) <br/>
505 ## - NOTA DE CONTENIDO
Título El libro de Malaquías<br/><br/>
Nota de contenido con formato preestablecido Introducción. -- Significado y contenido. -- Título y autor. -- Los libros de Hageo y Malaquías. -- Fecha. -- Antecedentes históricos Composición y estructura Unidad y autenticidad. -- Estilo. -- Texto. -- Canonicidad. -- Análisis estructural. -- Mensaje. -- Texto y comentario. -- El amor de Dios por Israel (1:2-5). -- Dios demanda ofrendas puras (1:6-14). -- El sacerdocio en la balanza (2:1-9) La preocupación de dios por los matrimonios de su pueblo (2:10-16). -- El día del juicio (2:17-3:5). -- Robando a Dios (3:6-12). -- Antítesis entre justos y malvados (3:13-21 4:31).-- Moisés y Elías (3:22-24 [ing. 4:4-6)]<br/><br/>
563 ## - NOTA DE ENCUADERNACIÓN
Nota de encuadernación Rústico
630 07 - TITULO UNIFORME
Título uniforme Biblia.
Nombre de parte o sección de la obra Hageo
630 07 - TITULO UNIFORME
Título uniforme Biblia.
Nombre de parte o sección de la obra Malaquías
942 ## - TIPO DE MATERIAL (KOHA)
Tipo de Item KOHA Libros General
945 ## - INFORMACIÓN LOCAL DEL REGISTRO
Catalogador JTF-925
Existencias
Estado de Material Estado de Perdido Estado de Dañado No para Préstamo Colección Tomo Biblioteca de Origen Biblioteca Permanente Fecha de Adquisición Total de Préstamos Signatura Topográfica Código de Barras Última vez visto Última vez Préstado Ejemplar/Existencia Fecha de Remplazo Tipo de Material
        Colección General   Biblioteca FUSBC Biblioteca FUSBC 22/11/2004 2 G 224.97077 V514b 13777 07/11/2025 31/10/2025 1 26/01/2016 Libros General

Biblioteca FUSBC | Teléfono: (57+4) 349 88 10 Ext. 141| WhatsApp (+57) 3005338115 
E-mail: biblioteca@unisbc.edu.co | Calle 76 87-14 Robledo Palenque, Medellín, Colombia

Con tecnología Koha